[Event "DVM U14w 2011"]
[Site "Arendsee (Altmark) GER"]
[Date "2011.12.29"]
[Round "5"]
[White "Böse, Carolin"]
[Black "Diederich, Lena"]
[Result "1-0"]
[Termination "normal"]
[Board "4.4"]
[WhiteElo "969"]
[BlackElo "916"]
[WhiteTeam "SC 1923 Bechhofen"]
[BlackTeam "SV Breitenworbis"]
[WhiteFideId "12929646"]
[BlackFideId "12964549"]
[EventCountry "GER"]
[EventRounds "7"]
[EventType "team-swiss"]
[EventDate "2011.12.26"]

1. e4 e5 2. Bc4 Nf6 3. Nf3 d6 4. Ng5 Be6 5. Bxe6 fxe6 6. O-O Qd7 7. d4 h6 8.
Nf3 Nxe4 9. Nc3 Nxc3 10. bxc3 e4 11. Nh4 Be7 12. Qh5+ Kd8 13. Ng6 Rg8 14. Re1
d5 15. c4 dxc4 16. Rxe4 Nc6 17. Ne5 Nxe5 18. dxe5 Qd5 19. Re1 Rf8 20. Rd1 c6
21. Rxd5+ cxd5 22. g3 Rf5 23. Qg6 Rxe5 24. Qxg7 Re1+ 25. Kg2 Kd7 26. Bb2 Re2
27. Bf6 Re8 28. Rb1 b6 29. Rb2 Kd8 30. Qxh6 Kd7 31. Bxe7 Rxe7 32. Qf6 Kd8 33.
Qh8+ Kd7 34. Qg8 c3 35. Rb1 Rxc2 36. a4 Ra2 37. Rc1 c2 38. h4 a6 39. h5 b5 40.
axb5 axb5 41. h6 Re8 42. h7 Raa8 43. Qg7+ Kd6 44. Ra1 Rxa1 45. Qxa1 b4 46. Kf1
b3 47. Ke2 Rb8 48. Qb2 Ke7 49. Kd2 Kf7 50. Qxb3 Rxb3 51. h8=Q Rf3 52. Qh7+ Kf6
53. Qh6+ Ke7 54. Kxc2 Rxf2+ 55. Kd1 Rf1+ 56. Ke2 Rf5 57. g4 Re5+ 58. Kf3 d4 59.
Qd2 Re3+ 60. Kg2 e5 61. Qb4+ Ke6 62. Qc4+ Kf6 63. Qc8 Kg5 64. Qf5+ Kh6 65. g5+
Kh5 66. g6+ Kh4 67. Qf6+ Kg4 68. Qe6+ Kh4 69. Kf2 Rg3 70. Qe7+ Rg5 71. Qh7+ Kg4
72. g7 d3 73. g8=Q Rxg8 74. Qxg8+ Kf4 75. Qg3+ Ke4 76. Qe3+ Kd5 77. Qxd3+ Ke6
78. Ke3 Kf6 79. Ke4 Ke7 80. Qd5 Kf8 81. Qxe5 1-0

[Event "DVM U14w 2011"]
[Site "Arendsee (Altmark) GER"]
[Date "2011.12.29"]
[Round "5"]
[White "Braun, Kristin"]
[Black "Halas, Lena"]
[Result "1-0"]
[Termination "normal"]
[Board "5.1"]
[WhiteElo "1825"]
[BlackElo "1592"]
[WhiteTeam "SC Uttenreuth"]
[BlackTeam "USG Chemnitz"]
[WhiteFideId "24656534"]
[BlackFideId "12931799"]
[EventCountry "GER"]
[EventRounds "7"]
[EventType "team-swiss"]
[EventDate "2011.12.26"]

1. e4 c6 2. d4 d5 3. exd5 cxd5 4. c4 Nf6 5. Nc3 e6 6. Nf3 Be7 7. Bd3 Nc6 8. O-O
O-O 9. cxd5 Nxd5 10. Qc2 h6 11. a3 Bf6 12. Be3 Nxe3 13. fxe3 a6 14. Rad1 Ne7
15. Ne4 Nd5 16. Nxf6+ Qxf6 17. Rde1 Bd7 18. Ne5 Qe7 19. Bh7+ Kh8 20. Rxf7 Qxf7
21. Nxf7+ Rxf7 22. Be4 Rc8 23. Qb3 Bc6 24. Rc1 Rcf8 25. Bf3 Rf6 26. e4 Ne7 27.
e5 Rg6 28. Bxc6 Nxc6 29. Qxb7 Nxd4 30. Qxa6 Nf3+ 31. Kh1 Nxe5 32. Rc8 Rgf6 33.
Rxf8+ Rxf8 34. Kg1 Rf6 35. Qa8+ Kh7 36. h3 h5 37. b4 Kh6 38. b5 Nc4 39. Qe4 Nd6
40. Qe3+ Kh7 41. Qd3+ Nf5 42. b6 g6 43. b7 Rf8 44. Qd7+ Ng7 45. Qc8 1-0

[Event "DVM U14w 2011"]
[Site "Arendsee (Altmark) GER"]
[Date "2011.12.29"]
[Round "5"]
[White "Oltmanns, Bianca"]
[Black "Michalowski, Melina"]
[Result "1-0"]
[Termination "normal"]
[Board "5.2"]
[WhiteElo "1672"]
[BlackElo "1163"]
[WhiteTeam "USG Chemnitz"]
[BlackTeam "SC Uttenreuth"]
[WhiteFideId "24698008"]
[BlackFideId "12902462"]
[EventCountry "GER"]
[EventRounds "7"]
[EventType "team-swiss"]
[EventDate "2011.12.26"]

1. e4 c6 2. d4 d5 3. exd5 cxd5 4. Bd3 Nc6 5. c3 Nf6 6. Bf4 g6 7. h3 Bg7 8. Nf3
O-O 9. O-O Re8 10. Re1 Nd7 11. Nbd2 e5 12. dxe5 Ndxe5 13. Bb5 Nxf3+ 14. Nxf3
Rxe1+ 15. Qxe1 Ne7 16. Rd1 Nf5 17. Qd2 Be6 18. Bc4 d4 19. Bxe6 fxe6 20. Qe2 Qb6
21. g4 Nh6 22. Nxd4 Rd8 23. Nb3 Rf8 24. Bg3 Nf7 25. Rd2 Bh6 26. Rd4 Re8 27. Rb4
Qc6 28. Na5 Qd7 29. Rd4 Qe7 30. Qb5 b6 31. Nc6 Qb7 32. Nb4 Qc8 33. Rc4 Qd8 34.
Rd4 Qc8 35. Rd7 Qa8 36. Rxa7 Qxa7 37. Qxe8+ Kg7 38. Qxe6 b5 39. Qd5 Qb6 40. Kh2
Qd8 41. Be5+ Kf8 42. Qxd8+ Nxd8 43. Nd5 Nf7 44. Bg3 Bc1 45. b3 Ba3 46. Nc7 Nd6
47. Kg2 Ke7 48. Bxd6+ Bxd6 49. Nxb5 1-0

[Event "DVM U14w 2011"]
[Site "Arendsee (Altmark) GER"]
[Date "2011.12.29"]
[Round "5"]
[White "Michalowski, Sophia"]
[Black "Kluge, Leyla"]
[Result "0-1"]
[Termination "normal"]
[Board "5.3"]
[WhiteElo "1165"]
[BlackElo "1565"]
[WhiteTeam "SC Uttenreuth"]
[BlackTeam "USG Chemnitz"]
[WhiteFideId "12902454"]
[BlackFideId "12918172"]
[EventCountry "GER"]
[EventRounds "7"]
[EventType "team-swiss"]
[EventDate "2011.12.26"]

1. d4 d5 2. e3 e6 3. Bd3 Nf6 4. f4 Nbd7 5. Nf3 Be7 6. O-O O-O 7. Nbd2 c6 8. c3
Qc7 9. Ne5 c5 10. Qe1 c4 11. Bc2 b5 12. Qh4 Bd8 13. Qh3 Bb7 14. f5 Nxe5 15.
dxe5 Qxe5 16. Nf3 Qd6 17. g4 exf5 18. Bxf5 Bc8 19. Bxc8 Rxc8 20. g5 Qd7 21.
Qxd7 Nxd7 22. b3 Re8 23. Rd1 Ne5 24. Nd4 a6 25. Nf5 Re6 26. Rxd5 Bxg5 27. e4 h6
28. Bxg5 Nf3+ 29. Kh1 Nxg5 30. Re1 cxb3 31. axb3 Rxc3 32. Nd4 Rxe4 33. Rxe4
Nxe4 34. Rd8+ Kh7 35. Rd7 Rd3 36. Kg1 Nc5 37. Rc7 Nxb3 38. Nxb3 Rxb3 39. Rxf7
a5 40. Ra7 a4 41. Kf2 a3 42. Ke1 Rb1+ 43. Kd2 b4 44. Ra4 Rb2+ 45. Kc1 Rxh2 46.
Rxb4 a2 47. Ra4 a1=Q+ 48. Rxa1 Rh1+ 49. Kb2 Rxa1 50. Kxa1 Kg6 51. Kb1 0-1

[Event "DVM U14w 2011"]
[Site "Arendsee (Altmark) GER"]
[Date "2011.12.29"]
[Round "5"]
[White "Jentzsch, Juliane"]
[Black "Meyer, Franziska"]
[Result "1-0"]
[Termination "normal"]
[Board "5.4"]
[WhiteElo "1227"]
[BlackElo "904"]
[WhiteTeam "USG Chemnitz"]
[BlackTeam "SC Uttenreuth"]
[BlackFideId "12929530"]
[EventCountry "GER"]
[EventRounds "7"]
[EventType "team-swiss"]
[EventDate "2011.12.26"]

1. c4 c5 2. Nc3 Nc6 3. g3 d6 4. Bg2 g6 5. Nf3 Bg7 6. e3 Nf6 7. d4 cxd4 8. exd4
e6 9. d5 exd5 10. cxd5 Qe7+ 11. Be3 Nb4 12. Qa4+ Bd7 13. Qxb4 Bh6 14. Qd4 Ng4
15. Qxh8+ Qf8 16. Qxf8+ Kxf8 17. Bxh6+ Nxh6 18. O-O a6 19. Rfe1 Re8 20. Rxe8+
Bxe8 21. Ng5 Kg7 22. Nce4 Nf5 23. Rc1 f6 24. Nxh7 Kxh7 25. Nxf6+ Kg7 26. Nxe8+
Kf7 27. Nc7 a5 28. Ne6 b5 29. Rc7+ Kf6 30. Ra7 a4 31. Rb7 Ke5 32. Rxb5 Kf6 33.
Ra5 g5 34. Rxa4 1-0

[Event "DVM U14w 2011"]
[Site "Arendsee (Altmark) GER"]
[Date "2011.12.29"]
[Round "5"]
[White "Schneider, Sabrina"]
[Black "Diederichs, Luise"]
[Result "0-1"]
[Termination "normal"]
[Board "6.1"]
[WhiteElo "1128"]
[BlackElo "1753"]
[WhiteTeam "SK Turm Bad Hersfeld"]
[BlackTeam "Tura Harksheide"]
[WhiteFideId "12951986"]
[BlackFideId "24661597"]
[EventCountry "GER"]
[EventRounds "7"]
[EventType "team-swiss"]
[EventDate "2011.12.26"]

1. e4 e6 2. d4 d5 3. exd5 exd5 4. Nf3 Nf6 5. Bg5 Bd6 6. Nc3 c6 7. Be2 O-O 8.
O-O Re8 9. Qd2 Bg4 10. h3 Bh5 11. Rae1 Nbd7 12. Nh2 Qc7 13. g3 h6 14. Bf4 Bxf4
15. Qxf4 Qxf4 16. gxf4 Bg6 17. Bd1 Nf8 18. Ng4 Nh5 19. Ne2 Ne6 20. Kh2 Nhxf4
21. Nxf4 Nxf4 22. Re3 Re4 23. c3 Rae8 24. Ne5 Bh7 25. Bc2 Rxe3 26. Bxh7+ Kxh7
27. fxe3 Ng6 28. Rxf7 Nxe5 29. dxe5 Rxe5 30. Rf3 Kg6 31. b3 Rf5 32. Rg3+ Kf6
33. Kg2 Rg5 34. Rxg5 Kxg5 35. Kg3 Kf5 0-1

[Event "DVM U14w 2011"]
[Site "Arendsee (Altmark) GER"]
[Date "2011.12.29"]
[Round "5"]
[White "Schramm, Anna-Lena"]
[Black "Krauße, Vanessa"]
[Result "1-0"]
[Termination "normal"]
[Board "6.2"]
[WhiteElo "1322"]
[BlackElo "1228"]
[WhiteTeam "Tura Harksheide"]
[BlackTeam "SK Turm Bad Hersfeld"]
[WhiteFideId "12918237"]
[BlackFideId "12937991"]
[EventCountry "GER"]
[EventRounds "7"]
[EventType "team-swiss"]
[EventDate "2011.12.26"]

1. e4 c5 2. d4 cxd4 3. c3 dxc3 4. Nxc3 Nc6 5. Nf3 d6 6. Bc4 Nf6 7. e5 dxe5 8.
Qxd8+ Nxd8 9. Nb5 Rb8 10. Nxe5 e6 11. O-O Bc5 12. Bf4 O-O 13. Nxf7 Rxf7 14.
Bxb8 Nc6 15. Bf4 Ne4 16. Be3 Bxe3 17. fxe3 Rxf1+ 18. Rxf1 Nd2 19. Rc1 a6 20.
Nd6 Na5 21. Bxa6 Bd7 22. Bb5 Bc6 23. Bxc6 bxc6 24. b4 1-0

[Event "DVM U14w 2011"]
[Site "Arendsee (Altmark) GER"]
[Date "2011.12.29"]
[Round "5"]
[White "Gärling, Paula"]
[Black "Köhler, Inken"]
[Result "0-1"]
[Termination "normal"]
[Board "6.3"]
[WhiteElo "1104"]
[BlackElo "1261"]
[WhiteTeam "SK Turm Bad Hersfeld"]
[BlackTeam "Tura Harksheide"]
[BlackFideId "12929301"]
[EventCountry "GER"]
[EventRounds "7"]
[EventType "team-swiss"]
[EventDate "2011.12.26"]

1. e4 e5 2. Nf3 Nc6 3. Nc3 Nf6 4. d4 exd4 5. Nxd4 Bb4 6. Nxc6 bxc6 7. Bg5 h6 8.
Bd2 Bxc3 9. Bxc3 Nxe4 10. Qe2 O-O 11. Qg4 Nxc3 12. bxc3 Re8+ 13. Kd2 Qf6 14.
Qg3 Rb8 15. Bd3 d6 16. Rhe1 Be6 17. Rab1 Rxb1 18. Rxb1 Bxa2 19. Qe3 Kf8 20.
Qxa7 Bxb1 21. g3 Qe5 22. Qe3 Qd5 23. Qf4 Qh1 24. Be2 Bxc2 25. Bf3 Qb1 26. Bh5
Bg6 27. Bxg6 Qxg6 28. Qf3 Rb8 29. Qxc6 Rb2+ 30. Ke3 Qe6+ 31. Kf3 Qf5+ 32. Ke3
Qxf2+ 33. Kd3 Qd2+ 34. Ke4 Qe2+ 35. Kd4 Rd2# 0-1

[Event "DVM U14w 2011"]
[Site "Arendsee (Altmark) GER"]
[Date "2011.12.29"]
[Round "5"]
[White "Fröhlich, Jonna"]
[Black "Janzen, Sabine"]
[Result "0-1"]
[Termination "normal"]
[Board "6.4"]
[WhiteElo "789"]
[BlackElo "1094"]
[WhiteTeam "Tura Harksheide"]
[BlackTeam "SK Turm Bad Hersfeld"]
[EventCountry "GER"]
[EventRounds "7"]
[EventType "team-swiss"]
[EventDate "2011.12.26"]

1. e4 e5 2. Nf3 Nc6 3. Nc3 Nf6 4. Bc4 Nxe4 5. O-O Nxc3 6. dxc3 Bc5 7. Re1 Qf6
8. Re2 d6 9. Bf4 Qxf4 10. Bb5 O-O 11. Qd5 Be6 12. Qd3 a6 13. Ba4 Qxa4 14. Ng5
g6 15. Qh3 Bxh3 16. Re4 Qb5 17. a4 Qxb2 18. Ree1 Qxc2 19. Rf1 Be3 20. fxe3
Qxg2# 0-1

[Event "DVM U14w 2011"]
[Site "Arendsee (Altmark) GER"]
[Date "2011.12.29"]
[Round "5"]
[White "Rosmait, Emily"]
[Black "Ley, Sabrina"]
[Result "1-0"]
[Termination "normal"]
[Board "7.1"]
[WhiteElo "1537"]
[BlackElo "1324"]
[WhiteTeam "Lübecker SV"]
[BlackTeam "Turm Lahnstein"]
[WhiteFideId "12937754"]
[BlackFideId "12938130"]
[EventCountry "GER"]
[EventRounds "7"]
[EventType "team-swiss"]
[EventDate "2011.12.26"]

1. e4 e6 2. Nf3 d5 3. e5 c5 4. d4 Nc6 5. c3 Qb6 6. Be2 Nge7 7. O-O Nf5 8. g4
Nh6 9. h3 f5 10. g5 Nf7 11. h4 g6 12. b3 h6 13. Na3 hxg5 14. hxg5 Bd7 15. Nc2
Be7 16. Be3 O-O-O 17. Qd2 Rh3 18. Kg2 Rdh8 19. Rh1 R3h7 20. Rxh7 Rxh7 21. Rd1
Kb8 22. c4 cxd4 23. Ncxd4 Nxd4 24. Qxd4 Bc5 25. Qxc5 Qxc5 26. Bxc5 Bc6 27. Re1
dxc4 28. Bd6+ Kc8 29. Kg3 Bxf3 30. Bxf3 Nxg5 31. Rh1 Rxh1 32. Bxh1 c3 33. Bc5
Kc7 34. Be3 Ne4+ 35. Bxe4 fxe4 36. Kf4 Kc6 37. Kxe4 Kb5 38. a3 a5 39. Kd3 a4
40. bxa4+ Kxa4 41. Kxc3 Kxa3 42. Bb6 Ka4 43. Kc4 Ka3 44. Kc5 Kb3 45. Kd6 g5 46.
Kxe6 1-0

[Event "DVM U14w 2011"]
[Site "Arendsee (Altmark) GER"]
[Date "2011.12.29"]
[Round "5"]
[White "Usczeck, Alina"]
[Black "Zech, Anna"]
[Result "1-0"]
[Termination "normal"]
[Board "7.2"]
[WhiteElo "1272"]
[BlackElo "1176"]
[WhiteTeam "Turm Lahnstein"]
[BlackTeam "Lübecker SV"]
[WhiteFideId "12938114"]
[BlackFideId "12909424"]
[EventCountry "GER"]
[EventRounds "7"]
[EventType "team-swiss"]
[EventDate "2011.12.26"]

1. e4 Nf6 2. e5 Nd5 3. d4 d6 4. Nf3 Bg4 5. Be2 Nc6 6. O-O e6 7. c4 Nb6 8. b3
dxe5 9. dxe5 Bxf3 10. Bxf3 Qxd1 11. Rxd1 g6 12. Be4 Bg7 13. Bb2 O-O 14. f4 Rfd8
15. Nc3 Rd7 16. c5 Rxd1+ 17. Rxd1 Nc8 18. Nb5 N8e7 19. Nxc7 Rd8 20. Rxd8+ Nxd8
21. Nb5 a6 22. Nd6 Nec6 23. Nxb7 Nxb7 24. Bxc6 Nxc5 25. g3 Bf8 26. Kf1 Kg7 27.
Ke2 a5 28. Bc3 Na6 29. Bxa5 Nb4 30. Bxb4 Bxb4 31. a4 Kf8 32. Kf3 Ke7 33. Kg4
h5+ 34. Kf3 f5 35. exf6+ Kxf6 36. Ke4 Ke7 37. Kd4 Kd6 38. Kc4 Bc5 39. Kb5 Bg1
40. h3 Bh2 41. g4 hxg4 42. hxg4 Bxf4 43. Kb6 Be3+ 44. Kb7 Bd2 45. Be4 g5 46.
Bf3 e5 47. Kb6 Be3+ 48. Kb5 Kc7 49. Kc4 Kb6 50. b4 Ka6 51. a5 Bd4 52. Bc6 Be3
53. Bb5+ Kb7 54. Kd5 Bd4 55. Bd3 Bc3 56. Kc4 Bd4 57. Kb5 Bc3 58. Kc5 Bd4+ 59.
Kc4 Ka6 60. Kd5+ Kb7 61. a6+ Kb6 62. b5 Ka7 63. Kc6 Be3 64. Bc4 Bd4 65. Bd3 Bc3
66. Kd5 Bd4 67. Ke4 Kb6 68. Kf5 Kc7 69. Kxg5 Kd6 70. Kf5 Kd5 71. g5 Bc5 72. g6
Bf8 73. a7 1-0

[Event "DVM U14w 2011"]
[Site "Arendsee (Altmark) GER"]
[Date "2011.12.29"]
[Round "5"]
[White "Kusanowa, Maria"]
[Black "Rau, Jennifer"]
[Result "0-1"]
[Termination "normal"]
[Board "7.3"]
[WhiteElo "890"]
[BlackElo "1215"]
[WhiteTeam "Lübecker SV"]
[BlackTeam "Turm Lahnstein"]
[BlackFideId "12983276"]
[EventCountry "GER"]
[EventRounds "7"]
[EventType "team-swiss"]
[EventDate "2011.12.26"]

1. e4 d6 2. d4 Nf6 3. Nc3 g6 4. Bc4 Bg7 5. Nf3 O-O 6. Bb5 c6 7. Bd3 Nbd7 8. O-O
Re8 9. Re1 e5 10. Be3 Qc7 11. Qd2 Nf8 12. Bc4 Be6 13. Bxe6 Nxe6 14. d5 a5 15.
dxe6 Rxe6 16. Ng5 Ree8 17. f4 Rad8 18. Rad1 b5 19. fxe5 dxe5 20. Qc1 Ra8 21.
Nh3 a4 22. Bh6 Bh8 23. Bg5 Ng4 24. Rf1 Qb6+ 25. Nf2 f6 26. h3 Nxf2 27. Rxf2
fxg5 28. Kf1 Rf8 29. Rdd2 b4 30. Nb1 Rxf2+ 31. Rxf2 Rf8 32. Rxf8+ Kxf8 33. Qxg5
Qd4 34. g3 Qd1+ 35. Kf2 Qxc2+ 36. Nd2 Qc5+ 37. Kf1 Qe7 38. Qh6+ Kg8 39. Qe3 c5
40. b3 a3 41. Qd3 Bg7 42. Qc4+ Qf7+ 43. Qxf7+ Kxf7 44. Nc4 Ke7 45. Ke2 h5 46.
Kd3 g5 47. Nb6 Bf8 48. Nd5+ Ke6 49. Kc4 Bd6 50. Nb6 Ke7 51. Nc8+ Ke6 52. Nxd6
Kxd6 53. g4 hxg4 54. hxg4 Kc6 55. Kd3 Kb5 56. Kc2 c4 57. bxc4+ Kxc4 58. Kd2 b3
59. axb3+ Kxb3 60. Kc1 a2 0-1

[Event "DVM U14w 2011"]
[Site "Arendsee (Altmark) GER"]
[Date "2011.12.29"]
[Round "5"]
[White "Schneider, Anna"]
[Black "Mushket, Alexsandra"]
[Result "1-0"]
[Termination "normal"]
[Board "7.4"]
[WhiteElo "964"]
[BlackElo "800"]
[WhiteTeam "Turm Lahnstein"]
[BlackTeam "Lübecker SV"]
[EventCountry "GER"]
[EventRounds "7"]
[EventType "team-swiss"]
[EventDate "2011.12.26"]

1. e4 e5 2. Nf3 Nc6 3. Bc4 h6 4. d3 Nf6 5. Be3 Bd6 6. Nc3 Bb4 7. O-O d6 8. Nd5
Bc5 9. h3 O-O 10. c3 Be6 11. Nxf6+ Qxf6 12. Bxe6 Qxe6 13. Qd2 Bxe3 14. Qxe3
Rad8 15. d4 d5 16. Rad1 dxe4 17. Qxe4 Rfe8 18. d5 Qg6 19. Qxg6 fxg6 20. dxc6
bxc6 21. Rxd8 Rxd8 22. Nxe5 Rd6 23. Re1 Re6 24. Re3 g5 25. Nc4 Rg6 26. Re7 h5
27. g4 hxg4 28. hxg4 Rf6 29. Ne3 Rd6 30. Rxc7 Rd2 31. Rxc6 Rxb2 32. Ra6 Rc2 33.
Nxc2 Kh7 34. Rxa7 Kh6 35. c4 g6 36. Ra8 Kh7 37. c5 Kg7 38. c6 Kf7 39. c7 Ke6
40. c8=Q+ Ke5 41. Qc4 Kf6 42. Qc5 Ke6 43. Ra6+ Kf7 44. Qc7+ Ke8 45. Ra8# 1-0

[Event "DVM U14w 2011"]
[Site "Arendsee (Altmark) GER"]
[Date "2011.12.29"]
[Round "5"]
[White "Bork, Sophie"]
[Black "Titgemeyer, Eva Maria"]
[Result "1/2-1/2"]
[Termination "normal"]
[Board "8.1"]
[WhiteElo "1548"]
[BlackElo "1519"]
[WhiteTeam "SV Welper"]
[BlackTeam "SG Porz"]
[WhiteFideId "12905429"]
[BlackFideId "24655350"]
[EventCountry "GER"]
[EventRounds "7"]
[EventType "team-swiss"]
[EventDate "2011.12.26"]

1. e4 e5 2. Nf3 Nc6 3. Bc4 Nf6 4. d3 d5 5. exd5 Nxd5 6. O-O Be6 7. Bxd5 Qxd5 8.
Nc3 Qd7 9. Re1 Bd6 10. Be3 O-O 11. Ne4 f5 12. Nxd6 cxd6 13. Ng5 Bf7 14. Nxf7
Qxf7 15. f4 Rae8 16. fxe5 dxe5 17. Bc5 Ne7 18. Rxe5 Nc6 19. Re2 Rxe2 20. Qxe2
Re8 21. Qf2 a6 22. a3 g6 23. Rf1 Qd5 24. d4 Rd8 25. c3 Kg7 1/2-1/2

[Event "DVM U14w 2011"]
[Site "Arendsee (Altmark) GER"]
[Date "2011.12.29"]
[Round "5"]
[White "Siegel, Aurelia"]
[Black "Marx, Jasmin"]
[Result "1/2-1/2"]
[Termination "normal"]
[Board "8.2"]
[WhiteElo "1085"]
[BlackElo "1025"]
[WhiteTeam "SG Porz"]
[BlackTeam "SV Welper"]
[WhiteFideId "12929581"]
[BlackFideId "12929620"]
[EventCountry "GER"]
[EventRounds "7"]
[EventType "team-swiss"]
[EventDate "2011.12.26"]

1. e4 d5 2. exd5 Qxd5 3. Nc3 Qa5 4. d4 Nf6 5. Nf3 Bg4 6. Be2 e6 7. Bd2 c6 8.
O-O Qc7 9. Ne5 Bxe2 10. Qxe2 Nbd7 11. Bf4 Bd6 12. Bg3 Rf8 13. a3 O-O-O 14. b4
g5 15. b5 Nb8 16. Nc4 Bxg3 17. fxg3 Nd5 18. Nxd5 Rxd5 19. bxc6 Nxc6 20. Ne5
Nxe5 21. dxe5 Rxe5 22. Qd2 Rd8 23. Qb4 Qc5+ 1/2-1/2

[Event "DVM U14w 2011"]
[Site "Arendsee (Altmark) GER"]
[Date "2011.12.29"]
[Round "5"]
[White "Schaller, Bettina"]
[Black "Schröter, Sophie"]
[Result "1/2-1/2"]
[Termination "normal"]
[Board "8.3"]
[WhiteElo "1089"]
[BlackElo "1065"]
[WhiteTeam "SV Welper"]
[BlackTeam "SG Porz"]
[WhiteFideId "12929638"]
[BlackFideId "12941786"]
[EventCountry "GER"]
[EventRounds "7"]
[EventType "team-swiss"]
[EventDate "2011.12.26"]

1. d4 d5 2. Bf4 Bf5 3. e3 e6 4. Bd3 Bxd3 5. Qxd3 Nf6 6. Nf3 Nc6 7. O-O Be7 8.
c3 Nh5 9. Nbd2 Nxf4 10. exf4 Qd6 11. Ne5 f6 12. Nxc6 Qxc6 13. Nf3 O-O 14. Rfe1
Rae8 15. Qe3 Bd8 16. Nd2 Qb6 17. Rab1 Qd6 18. Qf3 c6 19. Re3 Re7 20. Rbe1 Rfe8
21. Qg3 Bc7 22. Rf3 1/2-1/2

[Event "DVM U14w 2011"]
[Site "Arendsee (Altmark) GER"]
[Date "2011.12.29"]
[Round "5"]
[White "Maier, Nicole"]
[Black "Venjakob, Alina"]
[Result "0-1"]
[Termination "normal"]
[Board "8.4"]
[WhiteElo "774"]
[BlackElo "1026"]
[WhiteTeam "SG Porz"]
[BlackTeam "SV Welper"]
[WhiteFideId "12964573"]
[BlackFideId "12964492"]
[EventCountry "GER"]
[EventRounds "7"]
[EventType "team-swiss"]
[EventDate "2011.12.26"]

1. e4 e5 2. Nf3 Nf6 3. Nc3 Bb4 4. Nxe5 O-O 5. Bc4 d6 6. Nf3 Re8 7. d3 h6 8. Bd2
c6 9. a3 d5 10. Qe2 Bxc3 11. Bxc3 dxc4 12. O-O-O Qe7 13. Rhe1 Na6 14. Bxf6 Qxf6
15. e5 Qf4+ 16. Qe3 Qg4 17. g3 Be6 18. Nd4 Bd5 19. f3 Qg6 20. Qe2 c5 21. Nb5
Qc6 22. dxc4 Bxf3 23. Rd6 Bxe2 24. Rxc6 bxc6 25. Nd6 Rxe5 26. Nb7 Rae8 27. Nd6
R8e6 28. Nc8 Bxc4 29. Rd1 Re1 30. Rxe1 Rxe1+ 31. Kd2 Re2+ 32. Kc3 Bb5 33. Nxa7
Rxh2 34. b3 Rh3 35. Kb2 Rxg3 36. a4 Be2 37. Nxc6 h5 38. Ne5 h4 39. Kc1 h3 40.
Nd7 h2 41. Kb2 h1=Q 42. Nxc5 Nxc5 43. b4 Nxa4+ 44. Ka2 Qc1 45. b5 Ra3# 0-1

[Event "DVM U14w 2011"]
[Site "Arendsee (Altmark) GER"]
[Date "2011.12.29"]
[Round "5"]
[White "Holschuh, Luisa"]
[Black "Reyher, Susan"]
[Result "1-0"]
[Termination "normal"]
[Board "9.1"]
[WhiteElo "998"]
[BlackElo "1341"]
[WhiteTeam "SV 1926 Riegelsberg"]
[BlackTeam "SV Gryps"]
[WhiteFideId "12951978"]
[BlackFideId "24686107"]
[EventCountry "GER"]
[EventRounds "7"]
[EventType "team-swiss"]
[EventDate "2011.12.26"]

1. e4 e5 2. Nc3 Nf6 3. f4 exf4 4. e5 Ng8 5. d4 d5 6. Bxf4 Bf5 7. Nf3 Bb4 8. Bd3
Bg4 9. O-O Nc6 10. a3 Ba5 11. Qe1 Bxf3 12. Rxf3 Nxd4 13. Rg3 Ne6 14. Bd2 Qd7
15. Nb5 Bxd2 16. Qxd2 a6 17. Qa5 b6 18. Qa4 Nc5 19. Nxc7+ Kd8 20. Qxd7+ Nxd7
21. Nxa8 Kc8 22. Rxg7 Nh6 23. Rd1 Kb7 24. e6 Nf6 25. Nxb6 Kxb6 26. exf7 Rf8 27.
Bxh7 Nh5 28. Rg6+ Kc5 29. Rxh6 Ng7 30. Bg8 Nf5 31. Rg6 Nd6 32. Rf6 a5 33. Re1
Ne4 34. Re6 Nd6 35. Re8 Nxe8 36. Rxe8 Rxf7 37. Bxf7 Kc4 38. h4 a4 39. b3+ axb3
40. cxb3+ Kxb3 41. Bxd5+ 1-0

[Event "DVM U14w 2011"]
[Site "Arendsee (Altmark) GER"]
[Date "2011.12.29"]
[Round "5"]
[White "Wagner, Swenja"]
[Black "Weiten, Anna"]
[Result "1-0"]
[Termination "normal"]
[Board "9.2"]
[WhiteElo "1249"]
[BlackElo "844"]
[WhiteTeam "SV Gryps"]
[BlackTeam "SV 1926 Riegelsberg"]
[WhiteFideId "12900494"]
[BlackFideId "12938203"]
[EventCountry "GER"]
[EventRounds "7"]
[EventType "team-swiss"]
[EventDate "2011.12.26"]

1. e4 e5 2. Nc3 Nf6 3. Bc4 Nxe4 4. Qh5 Nd6 5. Bb3 Nc6 6. Nb5 g6 7. Qf3 f6 8.
Qd5 Qe7 9. Nxc7+ Kd8 10. Nxa8 Qe6 11. Qxe6 dxe6 12. d3 e4 13. dxe4 Nxe4 14. Nf3
Bc5 15. O-O Bd7 16. Be3 Bxe3 17. fxe3 Kc8 18. Nd4 Re8 19. Nb5 a6 20. Nb6+ Kd8
21. Nxd7 Kxd7 22. Rad1+ Kc8 23. Nd6+ Nxd6 24. Rxd6 Nd8 25. Rxf6 e5 26. Bd5 Kc7
27. Rb6 Re7 28. e4 g5 29. Rb3 Nc6 30. Bxc6 bxc6 31. Rc3 Kb7 32. Rcxc6 Rc7 33.
Rxc7+ Kxc7 34. Rxa6 h5 35. g3 Kd7 36. h4 gxh4 37. gxh4 Ke7 38. Kf2 Kf7 39. Ke3
Kg7 40. Kd3 Kf7 41. Kc4 Ke7 42. Kd5 Kf7 43. Kxe5 Kg7 44. Kf5 1-0

[Event "DVM U14w 2011"]
[Site "Arendsee (Altmark) GER"]
[Date "2011.12.29"]
[Round "5"]
[White "Weiten, Katharina"]
[Black "Melüh, Vanessa"]
[Result "1-0"]
[Termination "normal"]
[Board "9.3"]
[WhiteElo "755"]
[BlackElo "800"]
[WhiteTeam "SV 1926 Riegelsberg"]
[BlackTeam "SV Gryps"]
[WhiteFideId "12971979"]
[EventCountry "GER"]
[EventRounds "7"]
[EventType "team-swiss"]
[EventDate "2011.12.26"]

1. e4 e5 2. Nf3 Nc6 3. Nc3 Nf6 4. d4 exd4 5. Nxd4 Bb4 6. Nxc6 bxc6 7. Bd2 d5 8.
exd5 cxd5 9. Nxd5 Nxd5 10. Bxb4 Nxb4 11. Qxd8+ Kxd8 12. O-O-O+ Ke8 13. Bb5+ Ke7
14. Rhe1+ Kf6 15. Kb1 Be6 16. b3 Rhe8 17. Re3 Nd5 18. Rf3+ Ke7 19. Bxe8 Kxe8
20. Rg3 Kf8 21. Rgd3 Nf4 22. Rd8+ Ke7 23. Rxa8 a5 24. Rxa5 Bg4 25. Rd4 Ne6 26.
Rxg4 h5 27. Re4 Kf8 28. f4 g5 29. fxg5 c5 30. Ra8+ Kg7 31. g4 hxg4 32. Rxg4 Nc7
33. Rc8 Nd5 34. Rxc5 Nf6 35. gxf6+ Kxf6 36. a4 Ke6 37. a5 f5 38. Rg6+ Kf7 39.
Ra6 f4 40. Rc7+ Ke8 41. Ra8# 1-0

[Event "DVM U14w 2011"]
[Site "Arendsee (Altmark) GER"]
[Date "2011.12.29"]
[Round "5"]
[White "Decker, Martha"]
[Black "Holschuh, Paulina"]
[Result "0-1"]
[Termination "normal"]
[Board "9.4"]
[WhiteElo "800"]
[BlackElo "725"]
[WhiteTeam "SV Gryps"]
[BlackTeam "SV 1926 Riegelsberg"]
[BlackFideId "16208552"]
[EventCountry "GER"]
[EventRounds "7"]
[EventType "team-swiss"]
[EventDate "2011.12.26"]

1. d4 Nf6 2. Bf4 Nc6 3. e3 d6 4. Bb5 a6 5. Ba4 Bg4 6. h3 Bxd1 7. Kxd1 Ne4 8. f3
Nf2+ 9. Ke1 Nxh1 10. Nd2 e5 11. Bg3 Nxg3 12. Nb1 Be7 13. Kd1 O-O 14. Nc3 exd4
15. Nge2 Nf5 16. Nxd4 Nxe3+ 17. Ke2 Nxg2 18. Rg1 Nxd4+ 19. Kf1 Ne3+ 20. Ke1
Bh4+ 21. Kd2 Qe7 22. Rg4 Nxg4 23. Kc1 Qe1+ 24. Nd1 Ne2+ 25. Kb1 Qxd1# 0-1